Statistics for Abbreviations on the COTW

Click here to take the quiz!

General Stats

  • This quiz has been taken 37 times
  • The average score is 12 of 16

Answer Stats

CountryAbbreviation% Correct
Central African RepublicCAR
97%
Dominican RepublicDR
97%
New ZealandNZ
97%
United KingdomUK
97%
United StatesUSA
97%
Papua New GuineaPNG
90%
United Arab EmiratesUAE
90%
Democratic Republic of CongoDRC
87%
Federated States of MironesiaFSM
87%
ChinaPRC
68%
United KingdomGB
58%
TaiwanROC
55%
South KoreaROK
55%
North KoreaDPRK
48%
Saudi ArabiaKSA
48%
North MacedoniaFYROM
45%

Score Distribution

Percentile by Number Answered

Percent of People with Each Score

Your Score History

You have not taken this quiz